| 000 | 01047cam a2200265 4500 | ||
|---|---|---|---|
| 001 | ##J1162 | ||
| 008 | 090401t1992 xxu||||| |||| 00| 0 eng d | ||
| 035 | _a(Sirsi) u42127 | ||
| 041 | 0 | _aeng | |
| 050 | 0 | 4 | _a331.204172 $2 18 |
| 110 | 2 |
_aRoyal Institute of British Architects _92527 |
|
| 245 | 0 | 0 |
_aStandard Form of Agreement for the Appointment of an Architect... _bcommunity architecture _bsupplementary schedule of services |
| 260 |
_aLondon _bRIBA Publications _c1992 |
||
| 300 |
_a(4)p. _c30cm. |
||
| 350 | _a1.25 | ||
| 490 | 0 | _aRIBA Standard Form of Agreement for the Appointment of an Architect (1992 Edition) | |
| 650 | 2 | 4 | _aRIBA STANDARD FORM OF AGREEMENT FOR THE APPOINTMENT OF AN ARCHITECT (1992 EDITION) |
| 651 | 4 |
_aUnited Kingdom _y |
|
| 690 | _aBUILT ENVIRONMENT-CONSTRUCTION DESIGN-ARCHITECTURAL DESIGN | ||
| 710 | 2 |
_aRoyal Incorporation of Architects In Scotland _92351 |
|
| 710 | 2 |
_aRoyal Society of Ulster Architects _92193 |
|
| 710 | 2 |
_aAssociation of Consultant Architects _91156 |
|
| 942 | _n0 | ||
| 948 | _c04/03/1997 | ||
| 999 |
_c91026 _d91026 |
||